00317 2200145 4500245004000000250001100040100001600051650001600067650001400083005001900097260001800116041001400134084001400148336000900162 aPotongan SayurancKayla Nur ShText aCet. 1 aKayla Nur S aKarya Siswa aScrapbook a20250526105305 aJakartac2025 aIndonesia a081 KAY p atext